[Event "Heves Fregatt op 1st"]
[Site "Heves"]
[Date "2001.04.16"]
[Round "8"]
[White "Bakos, Levente"]
[Black "Varga, Karoly"]
[Result "0-1"]
[WhiteElo "1400"]
[BlackElo "2216"]
[PlyCount "74"]
[EventDate "2001.04.16"]
[EventType "swiss"]
[EventRounds "9"]
[EventCountry "HUN"]
[SourceTitle "EXT 2004"]
[Source "ChessBase"]
[SourceDate "2003.11.25"]
[SourceVersion "1"]
[SourceVersionDate "2003.11.25"]
[SourceQuality "1"]

1. e4 g6 2. d4 Bg7 3. Nf3 d6 4. Nc3 Bg4 5. h3 Bxf3 6. Qxf3 Nd7 7. Bc4 e6 8. Be3 Ne7 9. 0-0 0-0 10. Rad1 c6 11. Bb3 a5 12. a4 Rb8 13. Qe2 d5 14. e5 f6 15. f4 Nf5 16. g4 Ng3 17. Qg2 Nxf1 18. Rxf1 b5 19. Ba2 b4 20. Ne2 fxe5 21. fxe5 Rxf1+ 22. Qxf1 Qe7 23. Qf2 Rf8 24. Qg2 c5 25. dxc5 Nxc5 26. Kh1 Bxe5 27. b3 Ne4 28. Qg1 Qf6 29. Qg2 Qf1+ 30. Qxf1 Rxf1+ 31. Kg2 Ra1 32. Bb6 Rxa2 33. Bxa5 Rxc2 34. Kf3 Rb2 35. Ng1 Rxb3+ 36. Kg2 Rb2+ 37. Kh1 Ng3# 0-1

[Event "Heves Fregatt op 1st"]
[Site "Heves"]
[Date "2001.04.16"]
[Round "9"]
[White "Varga, Karoly"]
[Black "Urban, Peter"]
[Result "1-0"]
[WhiteElo "2216"]
[BlackElo "1622"]
[PlyCount "45"]
[EventDate "2001.04.16"]
[EventType "swiss"]
[EventRounds "9"]
[EventCountry "HUN"]
[SourceTitle "EXT 2004"]
[Source "ChessBase"]
[SourceDate "2003.11.25"]
[SourceVersion "1"]
[SourceVersionDate "2003.11.25"]
[SourceQuality "1"]

1. c4 e6 2. e4 d5 3. cxd5 exd5 4. exd5 Qxd5 5. Nc3 Qe6+ 6. Be2 Nf6 7. Nf3 Be7 8. 0-0 0-0 9. d4 b6 10. Bf4 Bd6 11. Ne5 Bb7 12. Bf3 Bxf3 13. Qxf3 Nbd7 14. Rfe1 Rfe8 15. Re3 Qe7 16. Rae1 Qf8 17. g4 Nxe5 18. dxe5 Bxe5 19. Bxe5 Nd7 20. Bxc7 Rac8 21. Nd5 Rxe3 22. Qxe3 Re8 23. Qxe8 1-0

[Event "Heves Fregatt op 1st"]
[Site "Heves"]
[Date "2001.04.14"]
[Round "2"]
[White "Eberth, Zoltan"]
[Black "Varga, Karoly"]
[Result "1-0"]
[WhiteElo "2170"]
[BlackElo "2216"]
[PlyCount "65"]
[EventDate "2001.04.16"]
[EventType "swiss"]
[EventRounds "9"]
[EventCountry "HUN"]
[SourceTitle "EXT 2004"]
[Source "ChessBase"]
[SourceDate "2003.11.25"]
[SourceVersion "1"]
[SourceVersionDate "2003.11.25"]
[SourceQuality "1"]

1. e4 g6 2. d4 Bg7 3. Nc3 d6 4. f4 c5 5. d5 Nf6 6. Nf3 0-0 7. Be2 a6 8. a4 e6 9. dxe6 Bxe6 10. Be3 Nc6 11. h3 Qa5 12. 0-0 Rad8 13. Nd2 Qb4 14. a5 Nxa5 15. f5 Bd7 16. Bg5 Qxb2 17. Na4 Qd4+ 18. Kh1 Bxa4 19. Ra3 b5 20. Qc1 Rde8 21. Rd3 Qe5 22. Bf4 Qe7 23. Bxd6 Qa7 24. e5 Nh5 25. Bxh5 gxh5 26. f6 Bh6 27. Qd1 Kh8 28. Qxh5 Bxd2 29. Bxf8 Rxf8 30. Rxd2 Nc4 31. Qg5 Rg8 32. Qxg8+ Kxg8 33. Rd8# 1-0